Statistics for Virginia Madsen Filmography

Click here to take the quiz!

General Stats

  • This quiz has been taken 7 times
    (2 since last reset)
  • The average score is 42 of 144

Answer Stats

TypeYearName% Correct
Film2015Joy
100%
TV Show2002Justice League
100%
TV Show2005, 2006Justice League Unlimited
100%
TV Show2009Monk
100%
Film2005Scooby-Doo! in Where's My Mummy?
100%
Film2004Sideways
100%
TV Show2005Teen Titans
100%
Film2017A Change of Heart
50%
Film2014All the Wilderness
50%
Film2001Almost Salinas
50%
Film2002American Gun
50%
TV Show1984American Playhouse
50%
Film2006A Prairie Home Companion
50%
Film2007Being Michael Madsen
50%
Film2017Better Watch Out
50%
Film1994Blue Tiger
50%
TV Film2004Brave New Girl
50%
Film2016Burn Your Maps
50%
Music Video1986But Not Tonight
50%
Film1992 | 2021Candyman
50%
Film1983Class
50%
Film1985Creator
50%
TV Film2001Crossfire Trail
50%
TV Show2003CSI: Miami
50%
TV Show2003Dawson's Creek
50%
Film2015Dead Rising: Watchtower
50%
TV Show2016-2017Designated Survivor
50%
Film1984Dune
50%
Film1984Electric Dreams
50%
TV Show2016, 2019Elementary
50%
Film2010Father of Invention
50%
Film2006Firewall
50%
Film1986Fire with Fire
50%
TV Show1998Frasier
50%
Film2001Full Disclosure
50%
Film1996Ghosts of Mississippi
50%
TV Show2012Hell on Wheels
50%
Film1991Highlander II: The Quickening
50%
Film1988Hot to Trot
50%
Film2013Jake Squared
50%
TV Film2001Just Ask My Children
50%
TV Show2015, 2022Law & Order: Special Victims Unit
50%
Music Video1989Liberian Girl
50%
Film2001Lying in Wait
50%
Documentary Mini-Series2015Metropolis
50%
TV Show1989Moonlighting
50%
TV Mini-Series1985Mussolini: The Untold Story
50%
Film2023One Day as a Lion
50%
Film2020Operation Christmas Drop
50%
Documentary Series2009Orangutan Island
50%
TV Show2016Pickle and Peanut
50%
Film2011Red Riding Hood
50%
Film2007Ripple Effect
50%
Film1987Slam Dance
50%
TV Show2006-2007Smith
50%
TV Show2003Spider-Man: The New Animated Series
50%
TV Show1998Star Trek: Voyager
50%
Film2005Stuart Little 3: Call of the Wild
50%
Web Series2019Swamp Thing
50%
TV Film1997The Apocalypse Watch
50%
Film2007The Astronaut Farmer
50%
Film1999The Florentine
50%
Film1999The Haunting
50%
Film2009The Haunting in Connecticut
50%
Film1990The Hot Spot
50%
Film2007The Number 23
50%
TV Show2001The Practice
50%
Film1995The Prophecy
50%
Film1997The Rainmaker
50%
Documentary Series1999Unsolved Mysteries
50%
TV Film1991Victim of Love
50%
Web Series2017Voltron: Legendary Defender
50%
Film2015Walter
50%
Film2009Wonder Woman
50%
Film1987Zombie High
50%
Film20181985
0%
Film2000After Sex
0%
Film1998Ambushed
0%
TV Show2002-2003American Dreams
0%
TV Show2016American Gothic
0%
TV Film1992A Murderous Affair: The Carolyn Warmus Story
0%
TV Film2015An American Girl: Grace Stirs Up Success
0%
Film2003Artworks
0%
TV Pilot2014Babylon Fields
0%
Film1999Ballad of the Nightingale
0%
Film1991Becoming Colette
0%
TV Film1994Bitter Vengeance
0%
TV Show2003Boomtown
0%
Film2015Burning Bodhi
0%
Film1994Caroline at Midnight
0%
TV Film2000Children of Fortune
0%
Film2013Crazy Kind of Love
0%
Film2007Cutlass
0%
Film2008Diminished Capacity
0%
TV Show1994Earth 2
0%
Film2022Give Me an A
0%
TV Film1988Gotham
0%
TV Pilot2013Hatfields & McCoys
0%
Film1989Heart of Dixie
0%
Film2018Her Smell
0%
TV Film2012Hornet's Nest
0%
Podcast2018-2021Imagined Life
0%
Podcast2021Imagined Life Family
0%
Podcast2020Imagined Sleep
0%
Music Video1984I'm Free (Heaven Helps the Man)
0%
TV Film1991Ironclads
0%
TV Show2012Jan
0%
Film1996Just Your Luck
0%
TV Film1993Linda
0%
Podcast2020-PresentLittle Stories Everywhere
0%
FilmTBALola James
0%
TV Film1987Long Gone
0%
TV Film2015Lost Boy
0%
TV Film1991Love Kills
0%
Short Film2011Marriage Drama
0%
Film1986Modern Girls
0%
Film1988Mr. North
0%
Film2003Nobody Knows Anything!
0%
Web SeriesTBAObliterated
0%
TV Show2003Pet Star
0%
Film2022Prey for the Devil
0%
FilmTBAResilient 3D
0%
FilmTBARoad to Capri
0%
TV Show2012Ruth & Erica
0%
FilmTBASarah
0%
TV Show2010Scoundrels
0%
Film2018Spare Room
0%
TV Show2013Susanna
0%
TV Film2003Tempted
0%
TV Film2013The Anna Nicole Story
0%
TV Show2011The Event
0%
TV Film1985The Hearst and Davies Affair
0%
TV Show1987The Hichhiker
0%
Film2013The Hot Flashes
0%
TV Film2000The Inspector General
0%
Film2013The Last Keepers
0%
Film2012The Magic of Belle Isle
0%
TV Mini-Series2018The Truth About the Harry Quebert Affair
0%
TV Film1989Third Degree Burn
0%
Music Video1984Together in Electric Dreams
0%
Podcast2021-PresentWhose Amazing Life?
0%
Theater2011Windows on the World
0%
TV Show2013Witches of East End
0%

Score Distribution

Percentile by Number Answered

Percent of People with Each Score

Your Score History

You have not taken this quiz since the last reset